Obálka Náhled e-knihy:
PDF Epub
Pro půjčování e-knih musíte být přihlášeni.
Jak si půjčit online?

Úkryt /

Román je silným historickým příběhem o odvaze, morální volbě a lidskosti v temných dobách.

Uloženo v:
Série:Liam Taggard & Catherine Lockhartová, část 6
Hlavní autor: Balson, Ronald H., 1944- (Autor)
Další autoři: Škrob, Jan J., 1988- (Autor)
Médium: E-kniha
Jazyk:Czech
Vydáno: Praha : Dobrovský, s.r.o., 2025
Edice:Kontrast
Témata:
Příbuzné jednotky:Z cyklu:: Liam Taggard & Catherine Lockhartová
Tagy:
Žádné tagy
LEADER 02515nam a2200445 i 4500
001 312888
003 CZ PrSKC
005 20260601215730.0
007 ta
008 251208s2025 xr g 000 f cze
015 |a cnb003724254 
020 |a 9788027743964  |q (vázáno) :  |c Kč 399,00 
040 |a ABG001  |b cze  |e rda 
041 1 |a cze  |h eng 
072 7 |a 821.111(73)-3  |x Americká próza  |2 Konspekt 
080 |a 821.111(73)-31  |2 MRF 
080 |a (0:82-311.6)  |2 MRF 
100 1 |a Balson, Ronald H.,  |d 1944-  |7 xx0240402  |4 aut 
240 1 0 |a Place to hide.  |l Česky 
245 1 0 |a Úkryt /  |c Ronald H. Balson, přeložil Jan J. Škrob 
264 1 |a Praha :  |b Dobrovský, s.r.o.,  |c 2025 
300 |a 336 stran ;  |c 21 cm 
336 |a text  |b txt  |2 rdacontent 
337 |a bez média  |b n  |2 rdamedia 
338 |a svazek  |b nc  |2 rdacarrier 
490 1 |a Kontrast 
500 |a Přeloženo z angličtiny 
520 2 |a Román je silným historickým příběhem o odvaze, morální volbě a lidskosti v temných dobách.  |b Theodore "Teddy" Hartigan, mladý americký diplomat z vlivné rodiny, je v roce 1938 vyslán na konzulát USA v Amsterdamu, kde má zpracovávat vízové žádosti uprchlíků prchajících před nacistickým režimem. S postupující okupací Evropy si Teddy uvědomuje, že jeho pozice mu umožňuje zachraňovat životy. Spolu se svou židovskou partnerkou Sarou a adoptovanou dcerkou Katy se zapojuje do odboje a riskuje vše, aby pomohl pronásledovaným. Balson mistrně propojuje napínavý děj s hlubokým lidským poselstvím, čímž vytváří dojemný příběh o obyčejném muži, který se v neobyčejných časech rozhodl jednat. Nakladatelská anotace. Kráceno. 
655 7 |a americké romány  |7 fd131796  |2 czenas 
655 7 |a historické romány  |7 fd132414  |2 czenas 
655 9 |a American fiction  |2 eczenas 
655 9 |a historical novels  |2 eczenas 
700 1 |a Škrob, Jan J.,  |d 1988-  |7 av2016918481  |4 trl 
787 0 8 |i Z cyklu:  |t Liam Taggard & Catherine Lockhartová  |g 6 
830 0 |a Kontrast 
900 |a ABA001  |b 20 
044 |a xr 
910 |a RBIT002 
998 |d 424339  |a https://core.palmknihy.cz/api/books/424339/cover?t722ak  |b https://core.palmknihy.cz/api/books/424339/cover/400?t722ak  |c https://core.palmknihy.cz/api/books/424339/cover/50?t722ak  |e 2029-04-08  |g 344  |i 9788027743964  |j https://core.palmknihy.cz/api/books/424339/preview.epub  |k https://core.palmknihy.cz/api/books/424339/preview.pdf  |l   |q 49  |r 1  |s https://www.palmknihy.cz/kniha/424339  |t ebook  |y 2025  |z 0 
999 |d 312886